000 00333nam a22001457a 4500
008 210226b ||||| |||| 00| 0 eng d
020 _a9780495011484
041 _aeng
080 _26th
_a521
082 _a521
100 _a42
101 _aAST
245 _aPhysical Geology Exploring the Earth
_cMonroe, J. S
942 _2udc
_cBK
999 _c55263
_d55263